[Event "Hampshire Major"]
[Site "Eastleigh"]
[Date "2013.11.10"]
[Round "5"]
[White "Syed, Ashraf"]
[Black "O'Gorman, Brendan"]
[Result "0-1"]
[WhiteElo "1656"]
[BlackElo "1832"]
[PlyCount "129"]
[EventDate "2013.11.08"]
[EventType "swiss"]
[EventRounds "6"]
[EventCountry "ENG"]
[SourceTitle "Hampshire Chess Congress"]
[Source "Arthur Brameld"]
[SourceDate "2019.01.27"]
[SourceVersion "1"]
[SourceVersionDate "2019.01.27"]
[SourceQuality "2"]

1. Nf3 c5 2. g3 Nf6 3. Bg2 Nc6 4. O-O e5 5. d3 d5 6. Bg5 Be7 7. Nbd2 O-O 8. c3 Be6 9. e4 dxe4 10. dxe4 Qc7 11. Qc2 Rad8 12. Bxf6 Bxf6 13. a3 Rd7 14. Nb3 Be7 15. Rad1 Rfd8 16. Rxd7 Qxd7 17. Nbd2 b5 18. Rc1 c4 19. Nf1 Bc5 20. Ng5 Bg4 21. h3 Bd1 22. Qb1 Be2 23. Ne3 h6 24. Nf3 Bd3 25. Qa1 Bxe4 26. Nxe5 Nxe5 27. Bxe4 Qxh3 28. Bg2 Qh5 29. Rd1 Nd3 30. Rd2 Qg5 31. Re2 h5 32. Qf1 h4 33. gxh4 Qxh4 34. Nf5 Qg5 35. Nd4 Nf4 36. Re3 Qxg2+ 37. Qxg2 Nxg2 38. Kxg2 Bxd4 39. cxd4 Rxd4 40. Re8+ Kh7 41. Re7 Rd2 42. Rxf7 Rxb2 43. Rxa7 c3 44. Rc7 c2 45. Rc3 Kg6 46. Rc5 Kf6 47. Kf3 Ke6 48. Ke4 Ra2 49. Rc6+ Kf7 50. Kf5 c1=Q 51. Rxc1 Rxf2+ 52. Ke5 Rf3 53. Rc7+ Kg6 54. Rb7 Rxa3 55. Rxb5 Rf3 56. Ke4 Rf1 57. Ke3 Kh6 58. Ke2 Rf6 59. Rb3 g5 60. Rh3+ Kg6 61. Rh8 g4 62. Rg8+ Kh5 63. Rh8+ Kg5 64. Rg8+ Kh4 65. Rh8+ {time} 0-1

[Event "Hampshire Major"]
[Site "Eastleigh"]
[Date "2013.11.10"]
[Round "5"]
[White "Symons, John"]
[Black "Matthew, Ian G"]
[Result "1-0"]
[WhiteElo "1632"]
[BlackElo "1760"]
[PlyCount "55"]
[EventDate "2013.11.08"]
[EventType "swiss"]
[EventRounds "6"]
[EventCountry "ENG"]
[SourceTitle "Hampshire Chess Congress"]
[Source "Arthur Brameld"]
[SourceDate "2019.01.27"]
[SourceVersion "1"]
[SourceVersionDate "2019.01.27"]
[SourceQuality "2"]

1. e4 e5 2. Nf3 Nc6 3. Bc4 Nf6 4. d3 Be7 5. Be3 O-O 6. h3 d5 7. exd5 Nxd5 8. Bxd5 Qxd5 9. Nc3 Bb4 10. Qd2 Be6 11. a3 Qa5 12. O-O Bxc3 13. bxc3 Rad8 14. Rfb1 b6 15. Ng5 Bd5 16. c4 Qxd2 17. Bxd2 Bxc4 18. Bb4 Ba6 19. Bxf8 Kxf8 20. Nxh7+ Ke7 21. Ng5 Nd4 22. Rb2 Ne2+ 23. Kh2 f6 24. Re1 Nf4 25. Ne4 Rh8 26. Rb4 Bb7 27. Nc5 Bxg2 28. Rxf4 1-0

[Event "Hampshire Major"]
[Site "Eastleigh"]
[Date "2013.11.10"]
[Round "5"]
[White "Williams, Robin J"]
[Black "Samuels, Henry Alexander"]
[Result "1/2-1/2"]
[WhiteElo "1616"]
[BlackElo "1680"]
[PlyCount "60"]
[EventDate "2013.11.08"]
[EventType "swiss"]
[EventRounds "6"]
[EventCountry "ENG"]
[SourceTitle "Hampshire Chess Congress"]
[Source "Arthur Brameld"]
[SourceDate "2019.01.27"]
[SourceVersion "1"]
[SourceVersionDate "2019.01.27"]
[SourceQuality "2"]

1. e4 g6 2. f4 Bg7 3. d4 d6 4. Nf3 c5 5. c3 Nh6 6. dxc5 dxc5 7. Qxd8+ Kxd8 8. Be3 b6 9. Bc4 Bb7 10. Ng5 e6 11. h3 Nc6 12. O-O Ke7 13. Nd2 Ng8 14. Rad1 h6 15. Ngf3 Nf6 16. Bd3 Rhd8 17. Nc4 Rab8 18. Rd2 Kf8 19. Rfd1 Kg8 20. Bc2 Rxd2 21. Rxd2 Rd8 22. Rxd8+ Nxd8 23. Nd6 Ba6 24. f5 exf5 25. exf5 g5 26. g4 Bf8 27. Ne4 Nxe4 28. Bxe4 Bb7 29. Bxb7 Nxb7 30. h4 f6 1/2-1/2

[Event "Hampshire Major"]
[Site "Eastleigh"]
[Date "2013.11.10"]
[Round "6"]
[White "Armorgie, Jack"]
[Black "Jones, Tim"]
[Result "0-1"]
[WhiteElo "1624"]
[BlackElo "1760"]
[PlyCount "44"]
[EventDate "2013.11.08"]
[EventType "swiss"]
[EventRounds "6"]
[EventCountry "ENG"]
[SourceTitle "Hampshire Chess Congress"]
[Source "Arthur Brameld"]
[SourceDate "2019.01.27"]
[SourceVersion "1"]
[SourceVersionDate "2019.01.27"]
[SourceQuality "2"]

1. d4 g6 2. c4 Bg7 3. Nf3 c5 4. Nc3 cxd4 5. Nxd4 Nc6 6. Nxc6 bxc6 7. e4 d6 8. Qc2 Nf6 9. Be2 O-O 10. O-O Rb8 11. Rb1 Be6 12. b3 Qc8 13. Bb2 d5 14. cxd5 cxd5 15. e5 Ne4 16. f4 Qc5+ 17. Kh1 Nf2+ 18. Rxf2 Qxf2 19. Rf1 Qc5 20. Rf3 d4 21. a4 dxc3 22. Rxc3 Qb4 0-1

[Event "Hampshire Major"]
[Site "Eastleigh"]
[Date "2013.11.10"]
[Round "6"]
[White "Chapman, Matthew"]
[Black "Roberts, Michael"]
[Result "1/2-1/2"]
[WhiteElo "1784"]
[BlackElo "1736"]
[PlyCount "95"]
[EventDate "2013.11.08"]
[EventType "swiss"]
[EventRounds "6"]
[EventCountry "ENG"]
[SourceTitle "Hampshire Chess Congress"]
[Source "Arthur Brameld"]
[SourceDate "2019.01.27"]
[SourceVersion "1"]
[SourceVersionDate "2019.01.27"]
[SourceQuality "2"]

1. e4 d5 2. exd5 Nf6 3. d4 Nxd5 4. c4 Nb6 5. Nc3 g6 6. Nf3 Bg7 7. Be3 Bg4 8. Be2 O-O 9. O-O Nc6 10. d5 Bxf3 11. Bxf3 Ne5 12. Bxb6 cxb6 13. Be2 Rc8 14. Qb3 a6 15. Rac1 Qc7 16. Ne4 Nd7 17. Qc2 Qe5 18. b3 b5 19. Rfd1 bxc4 20. bxc4 Nc5 21. Nxc5 Rxc5 22. Qd2 Rfc8 23. Bf1 Bf6 24. Qb4 b5 25. a4 Qc7 26. Rb1 bxc4 27. Rdc1 a5 28. Qa3 c3 29. Rb5 Bd4 30. Rc2 Qe5 31. Qb3 Qe1 32. g3 Bxf2+ 33. Rxf2 c2 34. Rxc5 Rxc5 35. Rxc2 Rxc2 36. Qxc2 Qe3+ 37. Kg2 Qd4 38. Qc4 Qd2+ 39. Be2 Qe3 40. Qb5 Kg7 41. Qd3 Qc5 42. Qe4 Qd6 43. Qd4+ Kg8 44. Bf3 e6 45. Qd2 exd5 46. Qxd5 Qb4 47. Qc6 Qd2+ 48. Kh3 1/2-1/2

[Event "Hampshire Major"]
[Site "Eastleigh"]
[Date "2013.11.10"]
[Round "6"]
[White "Dore, Alexandre"]
[Black "Symons, John"]
[Result "1-0"]
[WhiteElo "1824"]
[BlackElo "1632"]
[PlyCount "69"]
[EventDate "2013.11.08"]
[EventType "swiss"]
[EventRounds "6"]
[EventCountry "ENG"]
[SourceTitle "Hampshire Chess Congress"]
[Source "Arthur Brameld"]
[SourceDate "2019.01.27"]
[SourceVersion "1"]
[SourceVersionDate "2019.01.27"]
[SourceQuality "2"]

1. e4 d6 2. d4 Nf6 3. Nc3 g6 4. Nf3 Bg7 5. h3 c6 6. Be3 b5 7. Bd3 Nbd7 8. a4 b4 9. Nb1 a5 10. c3 Ba6 11. O-O Bxd3 12. Qxd3 O-O 13. cxb4 axb4 14. Nbd2 c5 15. d5 Nb6 16. b3 Nfd7 17. Rac1 Ne5 18. Nxe5 Bxe5 19. Bh6 Bg7 20. Bxg7 Kxg7 21. g4 h6 22. f4 e6 23. dxe6 fxe6 24. Nc4 Nxc4 25. Qxc4 Qh4 26. Kh2 e5 27. f5 Rf6 28. Rc2 h5 29. Rg2 g5 30. gxh5 Kh6 31. Rg4 Qxh5 32. Rfg1 Rh8 33. R1g3 Rh7 34. Qg8 Rg7 35. Qh8+ 1-0

[Event "Hampshire Major"]
[Site "Eastleigh"]
[Date "2013.11.10"]
[Round "6"]
[White "Matthew, Ian G"]
[Black "Papier, Alan"]
[Result "1-0"]
[WhiteElo "1760"]
[BlackElo "1712"]
[PlyCount "73"]
[EventDate "2013.11.08"]
[EventType "swiss"]
[EventRounds "6"]
[EventCountry "ENG"]
[SourceTitle "Hampshire Chess Congress"]
[Source "Arthur Brameld"]
[SourceDate "2019.01.27"]
[SourceVersion "1"]
[SourceVersionDate "2019.01.27"]
[SourceQuality "2"]

1. e4 c5 2. b4 cxb4 3. a3 bxa3 4. Nxa3 Nc6 5. d4 d5 6. e5 g6 7. Nf3 Nh6 8. Be2 Bg4 9. O-O Nf5 10. c3 Bg7 11. h3 Bxf3 12. Bxf3 e6 13. g4 Nfe7 14. Bg5 O-O 15. Qe2 Qd7 16. Bf6 Kh8 17. Nc2 Ng8 18. g5 Nce7 19. Ne3 b6 20. h4 h6 21. Kg2 Nf5 22. Nxf5 exf5 23. gxh6 Nxh6 24. Qd2 Kh7 25. Qg5 Ng8 26. h5 Nxf6 27. hxg6+ fxg6 28. Rh1+ Kg8 29. Qxg6 Ne4 30. e6 Rf6 31. Qh7+ Kf8 32. exd7 Ng5 33. Rxa7 Rd8 34. Qh4 Nxf3 35. Kxf3 Ke7 36. Re1+ Kd6 37. Qf4+ 1-0

[Event "Hampshire Major"]
[Site "Eastleigh"]
[Date "2013.11.10"]
[Round "6"]
[White "O'Gorman, Brendan"]
[Black "Conway, Alexander"]
[Result "1/2-1/2"]
[WhiteElo "1832"]
[BlackElo "1848"]
[PlyCount "54"]
[EventDate "2013.11.08"]
[EventType "swiss"]
[EventRounds "6"]
[EventCountry "ENG"]
[SourceTitle "Hampshire Chess Congress"]
[Source "Arthur Brameld"]
[SourceDate "2019.01.27"]
[SourceVersion "1"]
[SourceVersionDate "2019.01.27"]
[SourceQuality "2"]

1. Nf3 Nf6 2. c4 Nc6 3. d4 d5 4. cxd5 Qxd5 5. Nc3 Qa5 6. Bd2 Bg4 7. e3 e6 8. Be2 Bb4 9. O-O O-O 10. h3 Bh5 11. a3 Bxc3 12. Bxc3 Qd5 13. Nd2 Bxe2 14. Qxe2 Rfe8 15. Rfd1 Rad8 16. Rac1 Ne4 17. Nxe4 Qxe4 18. f3 Qg6 19. e4 f5 20. Qe3 Ne7 21. Be1 c6 22. Bh4 Qh5 23. Bxe7 Rxe7 24. Rc5 f4 25. Qc1 Qf7 26. Qc4 Red7 27. Re5 Rd6 1/2-1/2

[Event "Hampshire Major"]
[Site "Eastleigh"]
[Date "2013.11.10"]
[Round "6"]
[White "Samuels, Henry Alexander"]
[Black "Hurn, Paul AT"]
[Result "1-0"]
[WhiteElo "1680"]
[BlackElo "1752"]
[PlyCount "82"]
[EventDate "2013.11.08"]
[EventType "swiss"]
[EventRounds "6"]
[EventCountry "ENG"]
[SourceTitle "Hampshire Chess Congress"]
[Source "Arthur Brameld"]
[SourceDate "2019.01.27"]
[SourceVersion "1"]
[SourceVersionDate "2019.01.27"]
[SourceQuality "2"]

1. d4 e6 2. e4 b6 3. Nf3 Bb7 4. Bd3 c5 5. O-O Be7 6. c4 cxd4 7. Nxd4 Nc6 8. Nxc6 dxc6 9. Nc3 e5 10. Qe2 Qc7 11. Kh1 Nf6 12. f4 Bd6 13. f5 O-O-O 14. Be3 Nd7 15. a3 f6 16. b4 g6 17. b5 c5 18. a4 gxf5 19. Rxf5 Rhg8 20. Qh5 Rg7 21. Raf1 Rdg8 22. R1f2 Be7 23. Nd5 Bxd5 24. exd5 Qd8 25. Be4 Bd6 26. Qf3 Qe7 27. Rh5 Kc7 28. Qf5 Rh8 29. Bd2 Qe8 30. Rh3 Be7 31. Qe6 Nf8 32. Qc6+ Qxc6 33. bxc6 Rg4 34. Bd3 Ng6 35. Bf1 h5 36. a5 Nf4 37. axb6+ axb6 38. Ra3 Rd8 39. Ra7+ Kd6 40. h3 Rgg8 41. Rxf4 Ra8 1-0

[Event "Hampshire Major"]
[Site "Eastleigh"]
[Date "2013.11.10"]
[Round "6"]
[White "Smith, Christopher"]
[Black "Stone, Mark R"]
[Result "0-1"]
[WhiteElo "1632"]
[BlackElo "1656"]
[PlyCount "84"]
[EventDate "2013.11.08"]
[EventType "swiss"]
[EventRounds "6"]
[EventCountry "ENG"]
[SourceTitle "Hampshire Chess Congress"]
[Source "Arthur Brameld"]
[SourceDate "2019.01.27"]
[SourceVersion "1"]
[SourceVersionDate "2019.01.27"]
[SourceQuality "2"]

1. c4 e5 2. Nc3 Nf6 3. g3 d5 4. cxd5 Nxd5 5. Bg2 Nb6 6. b3 Nc6 7. Bb2 Be6 8. Nf3 Be7 9. O-O O-O 10. Ne4 f6 11. Rc1 Nb4 12. Nc5 Bxc5 13. Rxc5 c6 14. a3 Na6 15. Rc1 Bd5 16. d3 c5 17. Qc2 Qd6 18. Nd2 Nd7 19. Bxd5+ Qxd5 20. Qc4 Qxc4 21. Nxc4 b6 22. e4 Nc7 23. f4 Rfe8 24. fxe5 Nxe5 25. Nxe5 fxe5 26. Rf5 Nb5 27. Bxe5 g6 28. Rg5 Nxa3 29. Bb2 Nb5 30. Re5 Rxe5 31. Bxe5 Re8 32. Bb2 Nc7 33. Kf2 Kf7 34. Kf3 Rf8 35. Ke2 Ke7 36. d4 Ne6 37. d5 Ng5 38. e5 Rd8 39. d6+ Ke6 40. Rf1 Rd7 41. Rf6+ Kd5 42. e6 Nxe6 0-1

[Event "Hampshire Major"]
[Site "Eastleigh"]
[Date "2013.11.10"]
[Round "6"]
[White "Syed, Ashraf"]
[Black "Maund, Barry K"]
[Result "0-1"]
[WhiteElo "1656"]
[BlackElo "1752"]
[PlyCount "58"]
[EventDate "2013.11.08"]
[EventType "swiss"]
[EventRounds "6"]
[EventCountry "ENG"]
[SourceTitle "Hampshire Chess Congress"]
[Source "Arthur Brameld"]
[SourceDate "2019.01.27"]
[SourceVersion "1"]
[SourceVersionDate "2019.01.27"]
[SourceQuality "2"]

1. d4 Nf6 2. c4 e5 3. d5 Bc5 4. e3 d6 5. Qc2 e4 6. Nc3 Bf5 7. Bd2 O-O 8. O-O-O Nbd7 9. h3 a6 10. g4 Bg6 11. g5 Nh5 12. h4 Re8 13. Bg2 Qe7 14. Re1 f5 15. gxf6 Nhxf6 16. Nge2 Ng4 17. Ref1 Ndf6 18. Nf4 Bf5 19. Nd1 b5 20. f3 Nh6 21. Nf2 exf3 22. e4 fxg2 23. Nxg2 Bxe4 24. Nxe4 Qxe4 25. Bxh6 Qxc2+ 26. Kxc2 Re2+ 27. Kd1 Rxg2 28. Bd2 Ne4 29. Ba5 Nf2+ 0-1

[Event "Hampshire Major"]
[Site "Eastleigh"]
[Date "2013.11.10"]
[Round "6"]
[White "Thompson, David F"]
[Black "Grieve, Harry"]
[Result "1/2-1/2"]
[WhiteElo "1856"]
[BlackElo "1816"]
[PlyCount "51"]
[EventDate "2013.11.08"]
[EventType "swiss"]
[EventRounds "6"]
[EventCountry "ENG"]
[SourceTitle "Hampshire Chess Congress"]
[Source "Arthur Brameld"]
[SourceDate "2019.01.27"]
[SourceVersion "1"]
[SourceVersionDate "2019.01.27"]
[SourceQuality "2"]

1. e4 c5 2. Nf3 e6 3. Be2 Nc6 4. c3 d5 5. e5 d4 6. Bb5 Nge7 7. Na3 a6 8. Qa4 Bd7 9. Nc4 Ng6 10. Bxc6 Bxc6 11. Qd1 b5 12. Nd6+ Bxd6 13. exd6 Qxd6 14. cxd4 cxd4 15. O-O Ne5 16. Nxe5 Qxe5 17. d3 O-O 18. Qg4 Rac8 19. Bf4 Qf6 20. Rfe1 Qg6 21. Qxg6 hxg6 22. Rac1 Bd5 23. a3 f6 24. Rxc8 Rxc8 25. Rc1 Rxc1+ 26. Bxc1 1/2-1/2

[Event "Hampshire Major"]
[Site "Eastleigh"]
[Date "2013.11.10"]
[Round "6"]
[White "Williams, Robin J"]
[Black "Allen, Leslie C"]
[Result "1/2-1/2"]
[WhiteElo "1616"]
[BlackElo "1872"]
[PlyCount "59"]
[EventDate "2013.11.08"]
[EventType "swiss"]
[EventRounds "6"]
[EventCountry "ENG"]
[SourceTitle "Hampshire Chess Congress"]
[Source "Arthur Brameld"]
[SourceDate "2019.01.27"]
[SourceVersion "1"]
[SourceVersionDate "2019.01.27"]
[SourceQuality "2"]

1. e4 d6 2. d4 Nf6 3. Bd3 c6 4. Nc3 e5 5. Nf3 Nbd7 6. dxe5 dxe5 7. Qe2 Be7 8. Be3 a5 9. O-O O-O 10. a3 Qc7 11. Rfd1 Nc5 12. Ne1 Bg4 13. f3 Nxd3 14. Nxd3 Bh5 15. b4 Nd7 16. Qf2 Bg6 17. Na4 axb4 18. axb4 Rfe8 19. Ndc5 Nxc5 20. Nxc5 Rxa1 21. Rxa1 Bxc5 22. Bxc5 Qd7 23. Qe2 f5 24. Rd1 Qf7 25. exf5 Bxf5 26. c3 h6 27. Qd2 Qc4 28. Re1 Bg6 29. Ra1 e4 30. Qa2 1/2-1/2